| 000 | 00000nam##2200000za#4500 |
| 001 | 9.570380 |
| 003 | CaOODSP |
| 005 | 20210624182219 |
| 007 | cr ||||||||||| |
| 008 | 150406|2008||||xxc|||||o f|0| 0 eng|d |
| 040 | |aCaOODSP|beng |
| 043 | |an-cn--- |
| 086 | 1 |aIu182-1/2008-6E-PDF |
| 110 | 1 |aCanada. |bIndustry Canada. |bMicro-Economic Policy Analysis Branch. |
| 245 | 10|aRole of competition in the Canada-U.S. productivity gap : |h[electronic resource]|bempirical evidence from industry panel data / |c[by] Malick Souare. |
| 260 | |aOttawa - Ontario : |bIndustry Canada. |
| 300 | |a37p.|bfigs., graphs, references, tables |
| 490 | 1 |aWorking paper series|v2008-06 |
| 546 | |a(Résumé en français.) |
| 590 | |a12-10-Supp|b2012-03-23 |
| 720 | 1 |aSouare, Malick |
| 830 | #0|aWorking paper series ;|v2008-06|w(CaOODSP)9.504818 |
| 856 | 40|ahttp://publications.gc.ca|qPDF|s194 KB|uhttps://publications.gc.ca/collections/collection_2011/ic/Iu182-1-2008-6-eng.pdf|y2008-06 |
| 986 | |aIC 60496 |